Inazuma Eleven - Toutes les supertechniques/supertactiques - Statistiques

Statistiques générales
  • Ce quiz a été pris 801 fois
    800 depuis la dernière actualisation
  • Le résultat moyen est 128 sur 445
Statistiques - réponses
Joueur(s) Supertechnique/Supertactique % Correct
Mark Evans Main céleste
99%
Jack Wallside Le mur
96%
Mark Evans Main magique
96%
Axel Blaze Tornade de feu
95%
Bobby Shearer Tacle de la mort
91%
Kevin Dragonfly Choc du dragon
88%
Axel Blaze/Kevin Dragonfly Tornade du dragon
88%
Axel Blaze/Jack Wallside Trampoline du tonnerre
88%
Nathan Swift Dribble rafale
82%
Mark Evans Poing ardent
82%
Mark Evans Poing explosif
81%
Timmy Saunders Tourbillon
80%
Erik Eagle/Mark Evans/Bobby Shearer Phénix
79%
Axel Blaze/Mark Evans Foudre
75%
Erik Eagle/Mark Evans/Bobby Shearer Tri-pégase
74%
Axel Blaze/Nathan Swift Oiseau de feu
73%
Axel Blaze Tempête de feu
73%
Jude Sharp/Erik Eagle Tir puissance 2
73%
Shawn Froste Blizzard éternel
71%
Axel Blaze/Jack Wallside/Mark Evans Super trampoline du tonnerre
71%
Daniel Hatch/David Samford/Derek Swing Triangle de la mort
71%
Mark Evans Poing de la justice
70%
Tori Vanguard La tour
69%
Mark Evans/Axel Blaze/Jude Sharp Eclair pulvérisant
68%
Jack Wallside La montagne
67%
Shawn Froste Loup légendaire
67%
Byron Love Savoir suprême
67%
Shawn Froste Patinoire
66%
Hurley Kane Tir tsunami
66%
Jude Sharp Ballon illusoire
65%
Kevin Dragonfly Choc de la vouivre
65%
Byron Love Instant céleste
65%
Erik Eagle Tir hélicoptère
65%
Dvalin Perceuse
64%
Mark Evans Arrêt céleste
63%
Austin Hobbes Frappe du tigre
63%
Hector Hélio Main céleste X
63%
Mark Evans Tête explosive
63%
Erik Eagle Danse ardente
62%
Axel Blaze/Shawn Froste Feu-glacé
62%
Mark Evans Main dimensionnelle
62%
Darren Lachance Mains de l'infini
62%
Xene Météore géant
62%
Marvin Murdock/Thomas Murdock/Tyler Murdock Triangle Z
62%
Scott Banyan Tourbillon vivant
61%
Shawn Froste/Kevin Dragonfly Blizzard de la vouivre
60%
Mark Evans/Axel Blaze/Jude Sharp La terre
60%
Nathan Swift/Shawn Froste Ouragan
60%
Mark Evans Poing de la colère
60%
Thomas Feldt Protecto-bulle
60%
Shadow Cimmerian Tornade noire
60%
Axel Blaze/Austin Hobbes Tempête du tigre
59%
Janus Tir astral
59%
Edgar Partinus Excalibur
58%
Jude Sharp/Erik Eagle/Axel Blaze Manchot empereur n°2
58%
Dvalin Trou de ver
58%
Shawn Froste Ange des neiges
57%
Hector Hélio Main de l'âme
57%
Sue Hartland Tir de la rose
57%
Joseph King Bouclier d'énergie
56%
Nathan Swift Danse d'Eole
56%
Kevin Dragonfly Mégadragon
56%
Sam Kincaid Tir grenade
56%
Paolo Bianchi Epée d'Odin
55%
Torch Eruption solaire
55%
Axel Blaze/Austin Hobbes/Xavier Foster Feu tout-puissant
55%
Marvin Murdock Tornade inversée
55%
Xavier Foster Frappe stellaire
54%
Joe King Morsure sauvage
54%
Malcolm Night Scie circulaire
54%
Mac Robingo TIr samba
54%
Mark Evans/Jude Sharp/Bobby Shearer Triangle de la mort 2
54%
David Samford Manchot empereur n°1
53%
Thor Stoutberg Sumo-écrasement
53%
Arion Sherwind | Erik Egale Tir pégase
53%
Sue Hartland/Tori Vanguard Danse des papillons
52%
Johan Tassman Tir fantôme
52%
Archer Hawkins Aspir-attaque
51%
Austin Hobbes Cercle d'épées
51%
Fox Impact nordique
51%
Hurley Kane Le typhon
51%
Jude Sharp/Caleb Stonewall/David Samford Manchot empereur n°3
51%
Mark Evans/Axel Blaze/Austin Hobbes Ouragan inazuma
51%
Tori Vanguard/Scott Banyan/Hurley Kane Tour parfaite
51%
Xene/Bellatrix/Wittz Manchot spatial
50%
Nathan Swift/Kevin Dragonfly/Shadow Cimmerian Phénix noir
50%
Jim Wraith Spirale de défense
50%
Xene/Bellatrix/Wittz Supernova
50%
Bobby Shearer Volcan circulaire
50%
Xavier Foster/Shawn Froste/Jude Sharp Big Bang
48%
Darren Lachance Mains du colosse
48%
Thiago Torres Mur de fer
48%
Fox/Torch Blizzard enflammé
47%
Joseph King Bouclier d'énergie totale
47%
Kevin Dragonfly/Willy Glass Brise-lunettes
47%
Hector Hélio Rayon X
47%
Maxwell Carson Shoot en croix
47%
Jude Sharp/Caleb Stonewall Champ d'énergie
46%
Dvalin Gungnir
46%
Timmy Saunders Tête kung-fu
46%
Mark Kruger/Dylan Keats Tir de la licorne
46%
Byron Love Tir solaire
46%
Shawn Froste/Thor Stoutberg Bête du tonnerre
45%
Albert Green/Mark Hillvalley/Herb Sherman Muraille infinie
45%
Byron Love/Claude Beacons/Bryce Withingale Tir chaotique
44%
Austin Hobbes Tir téléguidé
44%
Paul Siddon Muraille tsunami
43%
Zell Rayon Ganymède
43%
Aitor Cazador Filet de chasse
42%
Zell/Mercury/Metron Frappe de Gaïa
42%
Victor Blade Lame des ténèbres
42%
Nathan Swift Tir banane
42%
Riccardo Di Rigo Tir fortissimo
42%
Jonas Démétrius Attaque tempête
41%
Supertactique Blocage spectral
41%
Tod Ironside Dribble spectral
41%
Victor Blade Envol des ténèbres
41%
Nero Filet stellaire
41%
Erik Eagle/Mark Kruger/Dylan Keats Grand Fenrir
41%
Bash Lancer Lance des ténèbres
41%
Xavier Foster/Shawn Froste L'aurore
41%
Paul Siddon Muraille géante
41%
Arion Sherwind Dribble zéphyr
40%
Hurley Kane Le rouleau
40%
Samguke Han Mur de Gaïa
40%
Samguke Han Arrêt flamboyant
39%
Supertactique Contre-attaque catenaccio
39%
Steve Grim/Maxwelle Carson Révolution V
39%
Jonas Démétrius Tir ricochets
39%
Galileo Trou noir
39%
Steve Grim Frappe rotative
38%
Nero Mur temporel
38%
Supertactique Route du ciel
38%
Bomber Tacle incendiaire
38%
Gabriel Garcia Brume illusoire
37%
Nathan Jones Distorsion
37%
Henry House Flèche céleste
37%
Daniel Hatch Tir rafale
37%
Subaru Honda Train en roue libre
37%
Joe Dawes Mégalodon
36%
Wanli Changcheng Mur de l'Atlantide
36%
Jordan Greenway Sprint éclair
36%
Nathan Swift/Jack Wallside Tourbillon trampoline
36%
Rhine Voile d'eau
36%
Tod Ironside Accélération
35%
Edgar Partinus Attaque du paladin
35%
Thomas Feldt Blocage fusée
35%
Gigi Blasi Garde du Colisée
35%
Thor Stoutberg Lame sismique
35%
Harry Closs Méga séisme
35%
Michael Ballzack Serpent à sonnette
35%
Sam Samurai Tir puissance 3
35%
Thomas Feldt/Jim Wraith Double fusée
34%
Astaroth La fin
34%
Arion Sherwind/Victor Blade Fulgurante double tornade de feu
33%
Ganymède Gravité
33%
Gocker Tacle glaciale
33%
Hide Nakata Tir vaillant
33%
Lucien Dark Autre dimension
32%
Grent Carbonisation
32%
Thomas Feldt/Jim Wraith Double pression
32%
Eugene Peabody Dragster
32%
Riccardo Di Rigo Passage presto
32%
Mercury Pluie de météores
32%
JP Lapin Attaque ressort
31%
Beluga Bloc de glace
31%
Ben Simmons Cyclone
31%
Janus/Diam Frappe cosmique
31%
Wanli Changcheng Grande muraille
31%
Nathan Swift Tacle puissance 3
31%
Neil Turner Tir de barrage
31%
Falcao Da Silva Arrêt capoeira
30%
Wenel Ballon angélique
30%
Victor Blade Botte de Lancelot
30%
Jorge Ortega Mur de mains
30%
Nasir Mustafa Tempête de sable
30%
Arion Sherwind Tir en rafales
30%
Doug McArthur Tir sonique
30%
Supertactique Typhons jumeaux
30%
Supertactique Zone de pressing parfait
30%
Sil Bluesea Balle de terre
29%
Gus Gamer/Mark Gambling Batte toute-puissante
29%
Ham Signalman Confusion
29%
Draco Hill Doubles mâchoires
29%
Timmy Saunders Etoile filante
29%
Destra Matière noire
29%
Garry Lancaster Saut de tarzan
29%
Stuart Racoonfur Tir aveuglant
29%
Sael Tir céleste
29%
Steve Eagle Attaque du condor
28%
Gabriel Garcia Brume épaisse
28%
Gene Whalon Grande barrière de corail
28%
Mark Kruger Icare
28%
Maximino Cruz Planche volante
28%
Destra/Sael Rayon noir
28%
Raffaele Generani Tir de glace
28%
Ryoma Nishiki Tir katana ancestral
28%
JP Lapin Arrêt surprise
27%
Njord Snio Blizzard du léopard
27%
Walter Mountain Choc sismique
27%
Goldie Lemmon Pâte gluante
27%
Lance Ralton Prison de pierre
27%
Arion Sherwind Sprint tourbillon
27%
Changsu Choi Talon infernal
27%
Bilal Kalil Tir mirage
27%
Adé Kébé Tourbillon aquatique
27%
Supertactique Vague amazonienne
27%
Albert Green Hache du bûcheron
26%
Riccardo Di Rigo Harmonie atomique
26%
Lars Luceafar/Bump Trungus/Lump Trungus Haute tension
26%
Rex Remington Manchot empereur n°7
26%
Arion Sherwind Tacle fantôme
26%
Erik Eagle Tir en spirale
26%
Morgane Sanders Tornades
26%
Sue Hartland Tour de la comète
26%
Nathan Swift/Tod Ironside/Sam Kincaid Triple tir
26%
Walter Valiant Balle factice
25%
Gareth Flare Charge enflammée
25%
Seward Hayseed/Kent Work/Joe Small Danse des bambous
25%
Jez Shell Détriplement
25%
Zanark Avalonic Je suis le tout-puissant
25%
Jang Cho Paumes explosives
25%
Harry Snake Souffle du serpent
25%
Gato Carvalho Super élastico
25%
Supertactique Tacticien céleste
25%
Harrold Houdini Tir feu follet
25%
Billy Dash Uppercut foudroyant
25%
Ken Ironwall Arrêt de sécurité
24%
Arion Sherwind Attaque ventriculaire
24%
Samguke Han Mains libérées
24%
Bailong Ouragan opalin
24%
Victor Blade Tir surnaturel
24%
Arachnes Ballon diabolique
23%
Supertactique Bloc défensif
23%
Sam Idol Cible mouvante
23%
Sail Bluesea Holo-dribble
23%
Supertactique Lance invincible
23%
Fey Rune Lièvre bondissant
23%
Bruce Monkey Pirouette du singe
23%
Phil Wingate Toile d'araignée
23%
Anorel Zone sacrée
23%
Supertactique Ailes jumelles
22%
Yasir Haddad/Gareth Flare Attaque en duo
22%
Charon Flash photonique
22%
Riccardo Di Rigo Hymne d'Athéna
22%
Lars Luceafar Piège électrique
22%
Supertactique Roulement de tonnerre
22%
Bailong/Tezcat Zero magnum
22%
Keith Ryan Double grenade
21%
Leone Balone Flammes infernales
21%
Carlos Lagarto Tacle acrobate
21%
Joe Poker Tir arc-en-ciel
21%
JP Lapin/Aitor Cazador Tir de défense canon
21%
Miquel Ros Zigzag de feu
21%
Ryoma Nishiki Esquive acrobatique
20%
Ike Steiner Feinte de la taupe
20%
Ekadel Montée céleste
20%
Leonard O'Shea Tatou géant
20%
Tom Contented/Spring Millpond/Victor Hills Attaque de l'aigle
19%
Marshall Artz Attaque kung-fu
19%
Thanatos Chute infernale
19%
Sol Daystar Coup de soleil
19%
Freddy McQueen Défense de lumière
19%
Eric Purpleton Mégalune
19%
Jim Hillfort Ombre furtive
19%
Supertactique Piège de sable des Andes
19%
Bay Laurel/Escott Aspen/Langford Ash Triangle ZZ
19%
Arion Sherwin/Riccardo Di Rigo/Victor Blade Attaque équipe ultime
18%
John Neville Blocage de force
18%
Crane Kik Cracheur de feu
18%
JP Lapin Danse de l'air
18%
Arion Sherwind Epée du roi
17%
Supertactique Impulsion circulaire
17%
Calico Corsair Poissons volants
17%
Lilly Willow Prima donna
17%
Bash Lancer/Escavan Malice/Mystral Callous Tir apocalyptique
17%
Zanark Avalonic Tir cataclysme
17%
Gabriel Garcia La flamme
16%
Fey Rune/Arion Sherwind Lièvre bondissant surpuissant
16%
Escavan Malice Pluie des ténèbres
16%
Brendan Water | Galen Thunderbird Sumo-secousse
16%
Supertactique Tacticien céleste volcanique
16%
Holly Mirror/Joe Kennedy Tir de sécurité
16%
Goldie Lemmon Tir pétri
16%
Supertactique Tonnerre ultime
16%
Li Leung Zigzag électrique
16%
Pekyong Park Balayette enflammée
15%
Njord Snio Chemin de glace
15%
Supertactique Chevaliers absolus
15%
Quentin Cinquedea Couronne de feu
15%
Marge Fielding/Taylor Firepool Danse charmante
15%
Arion Sherwind Dribble en Z
15%
Ian Smith/Wallace Hammond/Timothy Western File indienne
15%
Allesandre il Grande Giga presse-sandwich
15%
Hibou Passage en force 3
15%
Lars Luceafar Barrage électrique
14%
Holly Summers Frappe kangourou
14%
Victor Blade Katana chrysanthème
14%
Fey Rune Mâchoire jurassique
14%
Riccardo Di Rigo Propulsion éphémère
14%
Alpha/Beta/Gamma Attaque oméga
13%
Rae Godmother Bombe d'ozone
13%
JP Lapin Chant des trois royaumes
13%
Riccardo Di Rigo Clé de sol
13%
Supertactique Passes volantes
13%
Cronus Fourseasons Tir balistique
13%
Fey Rune Tir de défense torsadé
13%
Supertactique Tonnerre obscur
13%
Jonathan Luckyman Trépied turbo
13%
Daisy Fields Trombe de pétales
13%
Maxwell Carson Vol-rapide
13%
Roberto Torres Ballon furtif
12%
Supertactique Cône de sable
12%
Beta Fission fusion
12%
Tasuke/Shishimaru/Gorota Forteresse d'une nuit
12%
Ryoma Nishiki Le coup du samouraï
12%
Victor Hills/Hector Redding/Chad Taylor Sans issue
12%
Arion Sherwind Vent déchaîné
12%
Théo Divine Arrêt immédiat
11%
Supertactique Barrière absolue
11%
Preston Princeton Déchaînement de puissance
11%
Alfred Meenan Flèche ouragan
11%
Goldie Lemmon Illusion éblouissante
11%
Albion Lumina Morsure du serpent
11%
Arion Sherwind Percée d'Eole
11%
Siméon Ayp Rafale d'obus
11%
Tom Walters Super rotation
11%
Maurice Badgame/Drancis Fake Tacle périlleux
11%
Mehr/Ghiris Avenir funeste
10%
Mike Ballon plasma
10%
Falco Flashman Frappe parkour
10%
Ryoma Nishiki Grand courant des ténèbres
10%
Arion Sherwind Ouragan cyclonique
10%
Nero Night Arc sombre
9%
Scorpion Boulet de canon
9%
Ishmael Ahab Levée d'ancre
9%
Terry Archibald Parade fatale
9%
Baron Oxford Tourbillon géant
9%
Supertactique Triangle parfait
9%
Sterling Stanford/Colby Columbia Union explosive
9%
Supertactique Aile de grue
8%
Renard Araignée géante
8%
Holly Mirror/Joe Kennedy Artilleur acrobatique
8%
Keenan Sharpe Attention ! Un OVNI
8%
Aum Nirvana Bouclier géant
8%
Tezcat Cendres noirs
8%
Keenan Sharpe Copier-coller
8%
Fey Rune Fièvre de lune
8%
Goldie Lemmon Flèche de l'aube
8%
Hocus Sesame Illusion du ballon géant
8%
Sor Lance du chasseur
8%
Mecamark Main de pingouin
8%
Supertactique Plan parfait
8%
Harrold Houdini Ronces noires
8%
Dracon Yale Tempête du dragon
8%
Abram Cadabra Tirage chanceux
8%
Victor Blade Tir foudroyant
8%
Alpha Tir gyroscopique
8%
Davy Jones Trident-torpille des mers
8%
Shirley Stevens Zone analytique
8%
Adamant Walhalla/Omega Elysium Assaut d'éléphants
7%
Corneille Barrière endiablée
7%
Trina Verdure Boule de feuilles
7%
Zippy Lermer Equation défensive
7%
Ultima Nextworld Flamme rebondissante
7%
Arion Sherwind/Riccardo Di Rigo/Victor Blade La Terre : l'Infini
7%
Hotel Onde répulsive
7%
Terry Archibald Parade fatale du dragon
7%
Wolfe Whyte Piège de cristal
7%
Ledger Demain Portail dimensionnel
7%
Em Tee/Ough Cee Soleils jumeaux
7%
Leon Ohnepart Torpille terrestre
7%
Ar Ecks/Ayt Bee/En Sicks Acrobotte
6%
Zaphod Ricker Ailes de faucon
6%
Victor Blade/Falco Flashman Aube obscure
6%
Maxim Millennium Boîte à surprises
6%
Buddy Fury Catapulte frontale
6%
Samguke Han Double main céleste X
6%
Juliet Essorage rapide
6%
Acme Rapture Feinte du boomerang
6%
India Flèche de Cupidon
6%
Langford Ash Frappe du destrier
6%
Abram Cadabra Gants des ténèbres
6%
Terry Archibald Griffe puissante
6%
Oscar Magnétisme
6%
JP Lapin Parade de la fusée
6%
Doke Hickory/Flynt Pine Pinces coupantes
6%
Supertactique Réflecteur 3D
6%
Bhufa Répulsion
6%
Hyperion Wise Sphère lumineuse
6%
Supertactique Attaque cyclique
5%
Sierra Bobine électrique
5%
Cerise Blossom Cerceau piégeant
5%
Anas Eidah Champ de mines
5%
Chitoh Défense de marionnettes
5%
Yuh Déploiement de leurres
5%
Frank Foreman Esquives du boxeur
5%
Supertactique Formation carapace
5%
Eka Lame de sable
5%
Frank Foreman Parade du boxeur
5%
Ozrock Boldar Tempête stellaire
5%
Anas Eidah Tir double hélice
5%
Catvari Torpille de feu
5%
Mehr/Ghiris Attaque coup de coeur
4%
Rondula Fhlehl Claque fouettée
4%
Pinkus Mountbatten Courroux des éléments
4%
Ruger Baran/Bandares Baran Cris d'Eden
4%
Vee Wai Déchaînement croissant de lune
4%
Attila Hun/Gene Ghiskhan Découpage en tranches
4%
Enzo Gyro-parade
4%
Beta L'attaque d'Athéna
4%
Plink Powai Mur d'eau
4%
Meteo Garnet Rayon de la justice
4%
Dakkar Nemo Vitesse supersonique
4%
Udom Keawchay Arrêt du coude
3%
Supertactique Maëlstrom
3%
Hippos Kohlt Réception neutralisante
3%
Smile/Straw/Smarty Rempart fractal
3%
Dilshod Sokurov Ruée vers l'or
3%
Biggsy Torse d'acier
3%
Alexei Karnov Bras élastiques
2%
Sultan Karam Calcination
2%
Neol Lotts Défense holographique
2%
Bala Gasgula Eclair volcanique
2%
Trickel Van Flèche aquatique
2%
Etna Horx Flot de lave
2%
Duff Natter Forage express
2%
Supertactique L'empreinte du fauve
2%
Said Ashraf Marée noire
2%
Ogar Circes Massue de roche
2%
K-aran Uogu Missile des sables
2%
Badan Jarai Poing de sable
2%
Nyira Fezunt Roche volcanique
2%
Aaron Gachinsky Route de la soie
2%
Stag Kwatta Saut fongus
2%
Banda Krogue Tentacule de blocage
2%
Plip Batur Tir effervescent
2%
Argo Burgess Ecran rebondissant
1%
Supertactique Glisse sur le sable
1%
Zack Cummings Scie de guerre
1%
Zaba Harler Tunnel express
1%
Yun Lee Coupe de feu
0%
Tamugan Jar Frappe d'éléphants
0%
Aucun quiz correspondant
Distribution des résultats
% des personnes avec chaque résultat
Percentile par nombre de réponses
Votre historique - résultats
Vous n’avez pas pris ce quiz depuis la dernière actualisation